LIBRARY & INFORMATION CENTRE, KCAET, TAVANUR

ONLINE PUBLIC ACCESS CATALOGUE (OPAC)

Networks and systems / (Record no. 1402)

MARC details
000 -LEADER
fixed length control field 00394cam a2200157ua 4500
003 - CONTROL NUMBER IDENTIFIER
control field OSt
008 - FIXED-LENGTH DATA ELEMENTS--GENERAL INFORMATION
fixed length control field 241226b |||||||| |||| 00| 0 eng d
020 ## - INTERNATIONAL STANDARD BOOK NUMBER
ISBN 9788122427677
082 ## - DEWEY DECIMAL CLASSIFICATION NUMBER
Classification number 621.3192
Item number ROY/NE
100 ## - MAIN ENTRY--AUTHOR NAME
Personal name Roy, Choudhury.
245 ## - TITLE STATEMENT
Title Networks and systems /
250 ## - EDITION STATEMENT
Edition statement 1 / 2
260 ## - PUBLICATION, DISTRIBUTION, ETC. (IMPRINT)
Place of publication New Delhi :
Name of publisher New Age International Ltd ,
Year of publication 1996.
300 ## - PHYSICAL DESCRIPTION
Number of Pages 926 ; .
942 ## - ADDED ENTRY ELEMENTS (KOHA)
Koha item type Books
Holdings
Withdrawn status Lost status Damaged status Home library Current library Date acquired Full call number Accession Number Koha item type Collection code Shelving location Source of acquisition Cost, normal purchase price
      KAUAET KAUAET 07/04/2012 621.3192 ROY/NE 19195 Books        
      KAUAET KAUAET 31/03/2012 621.3192 ROY/NE 22392 Books Non-fiction General Stacks Cosmo Books, Calicut 375.00
free website counter